000 01181cam a2200265 4500
001 5981
010 _a972553297X
021 _b142829/99
090 _a5981
100 _a20211131g1999 bc|y0pory5003 ba
200 1 _aBons sonhos
_fRonald Kidd
_gil. Arkadia Illustration, trad. Paulo Emílio Pires
210 9 _a[Cacém]
_cVerbo
_d1999
215 _a48
_cil.
225 2 _aAs Aventuras do Ursinho Winnie
_v9
330 _aEm casa do Winnie os potes de mel estão vazios. E ele sabe que para voltar a enchê-los de mel tem de trepar à árvore do mel. Com a ajuda do Piglet correm atrás de umas abelhinhas que encontram até que vão parar ao quintal do Coelho. Este, conta-lhes como as abelhas fabricam o mel. Mas o que o Winnie quer é mel e deita-se debaixo de uma árvore a pensar como arranjá-lo para o lanche e adormece a sonhar com o mel...
606 _914
_aLiteratura infantil
606 _913
_aLiteratura Estrangeira
675 _a82-93
_vBN
_zpor
675 _a821.1/.8
_vBN
_zpor
700 _95656
_aKidd
_bRonald
702 _aPires
_bPaulo Emílio
_94938
712 _aArkadia Illustration
_95659
801 0 _aPT
_bBMVN
_gRPC
830 _cAna Caetano
_d31/12/2021
990 _cLIVROS